Vygotsky y la educación: connotaciones y aplicaciones de la psicología sociohistórica en la educación

Enregistré dans:
Détails bibliographiques
Auteur principal: Moll, Luis C. (autor)
Format: Livre
Langue:espagnol
Publié: Buenos Aires Aique 1993
Sujets:
Tags: Ajouter un tag
Pas de tags, Soyez le premier à ajouter un tag!

MARC

LEADER 00000nam a2200000 a 4500
001 UCY1225
003 CL-VaPUC
008 940824e19930000AG |||||||||||||||||spa|d
020 |a 950701215X 
082 0 4 |a 306.43  |b MOL  |2 21 
100 |a Moll, Luis C.  |e autor  |9 329166 
245 1 0 |a Vygotsky y la educación: connotaciones y aplicaciones de la psicología sociohistórica en la educación 
300 |a 493 p 
942 |c BK 
945 |d 19940824 00:00:00  |a rbrito 
260 |a Buenos Aires  |b Aique  |c 1993 
600 0 7 |a VYGOTSKI, LEV SEMIONOVICH  |2 CL-VaPUC  |9 312943 
650 0 |a Sociología de la educación   |9 260380 
650 0 |a Crítica e interpretación   |9 255042 
583 |a last modification  |c 20150714 05:27:57  |k Rodrigo Vera 
999 |c 229999  |d 229997 
952 |0 0  |1 0  |4 0  |6 306_430000000000000_MOL_1993  |7 0  |8 A  |9 231801  |a FDOPOS  |b FDOPOS  |d 2019-11-15  |i 3013197  |o 306.43 MOL 1993  |p 3013197  |r 2025-01-22  |w 2019-11-15  |y BK  |k MLA 
952 |0 0  |1 0  |4 0  |6 306_430000000000000_MOL_1993  |7 0  |8 A  |9 231802  |a BIBEDU  |b BIBEDU  |d 2019-11-15  |i 3495310  |o 306.43 MOL 1993  |p 3495310  |r 2019-11-15  |w 2019-11-15  |y BK  |k BME 
952 |0 0  |1 0  |4 0  |6 306_430000000000000_MOL_1993  |7 0  |8 A  |9 231803  |a FDOPOS  |b FDOPOS  |d 2019-11-15  |i 3688127  |o 306.43 MOL 1993  |p 3688127  |r 2025-01-22  |w 2019-11-15  |y BK  |k MLA 
952 |0 0  |1 0  |4 0  |6 306_430000000000000_MOL_1993  |7 0  |8 A  |9 231804  |a BIBEDU  |b BIBEDU  |d 2019-11-15  |i 3820386  |l 3  |o 306.43 MOL 1993  |p 3820386  |r 2022-04-18  |s 2022-04-13  |w 2019-11-15  |y BK  |k PSI 
952 |0 0  |1 0  |4 0  |6 306_430000000000000_MOL_1993  |7 0  |8 A  |9 231805  |a BIBEDU  |b BIBEDU  |d 2019-11-15  |i 3820505  |o 306.43 MOL 1993  |p 3820505  |r 2019-11-15  |w 2019-11-15  |y BK  |k EDU 
952 |0 0  |1 0  |4 0  |6 306_430000000000000_MOL_1993  |7 0  |8 A  |9 231806  |a BIBEDU  |b BIBEDU  |d 2019-11-15  |i 3867323  |l 2  |o 306.43 MOL 1993  |p 3867323  |r 2022-07-14  |s 2022-07-14  |w 2019-11-15  |y BK  |k PSI 
952 |0 0  |1 0  |4 0  |6 306_430000000000000_MOL_1993  |7 0  |8 A  |9 231807  |a BIBGIM  |b BIBGIM  |d 2019-11-15  |i 4005252  |o 306.43 MOL 1993  |p 4005252  |r 2025-01-15  |w 2019-11-15  |y BK  |k GIM